| 000 | 01051nam a22002417a 4500 | ||
|---|---|---|---|
| 999 |
_c63437 _d63437 |
||
| 005 | 20240530110641.0 | ||
| 008 | 171015s2016 ua f b 00| 0 ara d | ||
| 017 |
_a2015/8998 _bمصر. دار الكتب |
||
| 020 | _a9789777352611 | ||
| 040 |
_aEG-CaGPL _cEG-CaGPL |
||
| 082 | 0 | 4 |
_221 _a810.978 / _bق/ س أ |
| 100 | 0 | _aسليمان محمد سليمان | |
| 245 | 1 | 0 |
_aادب مصر الاسلامية : _bمنذ فتح الاسلامى وحتى العصر الحديث : نماذج ودراسات / _cسليمان محمد سليمان |
| 250 | _aط.1 | ||
| 260 |
_aالاسكندرية : _bدار الوفاء لدنيا الطباعة و النشر ، _c2016. |
||
| 300 |
_a279 ص. ؛ _c24 سم. |
||
| 504 | _aيشتمل على ارجاعات ببليوجرافية | ||
| 650 | 0 | 7 |
_2qrmak _aالادب العربى _zمصر _xتاريخ ونقد |
| 650 | 0 | 7 |
_2qrmak _aالادب العربى _zمصر _xتاريخ ونقد _yعصر صدر الاسلام |
| 651 | _2qrmak | ||
| 942 |
_2ddc _cBK |
||